| 000 | 00656nam a2200205 a 4500 | ||
|---|---|---|---|
| 001 | 000021231 | ||
| 005 | 20200930011253.0 | ||
| 008 | 100902s1999 ag ac r 000 | spa d | ||
| 020 | _z9789239091 | ||
| 040 |
_aDO-SdBNP _bspa _cBNPHU |
||
| 082 |
_a940 _bC416n |
||
| 100 | 1 |
_aCerqueiro, Daniel _d1937- _944374 |
|
| 245 | 1 | 3 |
_aEl Navegante y las fuerza de las ideas / _cDaniel Cerqueiro. |
| 260 |
_aBuenos Aires, (Argentina) : _bEdiciones Pequeña Venecia, _c1999. |
||
| 300 |
_a284 p. : _bil., retrs ; _c20 cm. |
||
| 651 | 4 |
_aEuropa _xCivilización _xHistoria _944375 |
|
| 651 | 4 |
_aEuropa _xHistoria _941325 |
|
| 650 | 4 |
_aHistoriografía _913064 |
|
| 049 | _aBNGR | ||
| 999 |
_c20732 _d20732 |
||